Letecká doprava zboží a světová ekonomika

Vplyv leteckej nákladnej dopravy na svetovú ekonomiku. Podiel nákladnej leteckej dopravy na medzinárodnom obchode. Očakávaný trvalý rast. Vývoj organizačnej formy leteckej dopravy. Otázka efektívnosti leteckej nákladnej dopravy. Spolupráca so špeditérmi a služba z domu do domu. Trojkoalícia aerolíni...

Descripción completa

Guardado en:
Detalles Bibliográficos
Autor principal: Kladiva, Jiří
Formato: Capítulo de libro
Lenguaje:checo
Materias:
Etiquetas: Agregar Etiqueta
Sin Etiquetas, Sea el primero en etiquetar este registro!

MARC

LEADER 00000naa$a2200000$$$4500
001 0056444
005 20231128134151.7
041 0 |a cze 
044 |a CZ 
245 1 0 |a Letecká doprava zboží a světová ekonomika  |c Jiří Kladiva 
520 |a Vplyv leteckej nákladnej dopravy na svetovú ekonomiku. Podiel nákladnej leteckej dopravy na medzinárodnom obchode. Očakávaný trvalý rast. Vývoj organizačnej formy leteckej dopravy. Otázka efektívnosti leteckej nákladnej dopravy. Spolupráca so špeditérmi a služba z domu do domu. Trojkoalícia aerolínie - špeditéri - handling. Výzvy pre budúcnosť. 
610 2 0 |a doprava letecká nákladná 
610 2 0 |a doprava letecká medzinárodná 
610 2 0 |a hospodárstvo svetové 
610 2 0 |a spoločnosti letecké 
610 2 0 |a tovar 
610 2 0 |a letiská 
610 2 0 |a integrácia 
610 2 0 |a efektívnosť 
610 2 0 |a výkonnosť 
610 2 0 |a kvalita 
610 2 0 |a náklady 
100 1 |a Kladiva, Jiří